Top 66 Best Hard Rock and Metal Guitarists - Statistics

General Stats
  • This quiz has been taken 206 times
  • The average score is 22 of 66
Answer Stats
Number Song They Played Answer % Correct
12 Welcome to the Jungle Slash
91%
4 Eruption Eddie Van Halen
83%
1 Purple Haze Jimi Hendrix
83%
18 Hells Bells Angus Young
81%
11 Killer Queen Brian May
80%
3 Whole Lotta Love Jimmy Page
79%
2 War Pigs Tony Iommi
76%
16 One Kirk Hammett
74%
35 Lithium Kurt Cobain
72%
15 Comfortably Numb David Gilmour
66%
60 The Call of Ktulu James Hetfield
64%
8 Mr Crowley Randy Rhoads
61%
19 Dream On Joe Perry
58%
28 Blitzkrieg Bop Johnny Ramone
58%
14 Baba O Riley Pete Townshend
56%
10 The Mechanix Dave Mustaine
54%
52 South of Heaven Kerry King
52%
32 Detroit Rock City Ace Frehley
48%
6 Stargazer Richie Blackmore
47%
5 Domination Dimebag Darrell
46%
33 The Trooper Adrian Smith
45%
29 YYZ Alex Lifeson
40%
50 Painkiller KK Downing
38%
55 Looks That Kill Mick Mars
38%
46 Aces High Dave Murray
36%
7 Strange Brew Eric Clapton
36%
20 Raining Blood Jeff Hanneman
36%
38 Man in The Box Jerry Cantrell
36%
34 Surfing with the Alien Joe Satriani
35%
66 Chinese Democracy Buckethead
34%
30 Electric Eye Glenn Tipton
34%
43 Tornado Of Souls Marty Friedman
34%
26 I Don't Wanna Stop Zakk Wylde
32%
22 Can't Stop John Frusciante
30%
56 Bark At The Moon Jake E Lee
28%
17 Pull Me Under John Petrucci
26%
37 Schism Adam Jones
23%
23 The Attitude Song Steve Vai
23%
13 Black Star Yngwie Malmsteen
22%
47 Sugar Daron Malakian
19%
63 Alive Mike McCready
19%
45 Rainbow in The Dark Vivian Campbell
18%
21 Wake Up Tom Morello
17%
42 Bonded By Blood Gary Holt
15%
9 All Shook Up Jeff Beck
15%
36 Rusty Cage Kim Thayil
15%
25 Infernal Death Chuck Schuldiner
14%
39 Cult of Personality Vernon Reid
12%
41 Downfall Alexi Laiho
9%
64 Operation Mindcrime Chris DeGarmo
9%
31 Just Take My Heart Paul Gilbert
9%
48 Burn it Down Synyster Gates
8%
27 Natural Thing Michael Schenker
5%
40 Bleak Mikael Åkerfeldt
5%
24 Hypnosis Alex Skolnick
4%
44 Prisoner George Lynch
4%
61 Aqua Dementia Brent Hinds
3%
53 Suicide Machine Paul Masvidal
3%
51 In Human Form Andy LaRocque
2%
58 Enemies of Relaity Jeff Loomis
2%
59 Stiff and Cold Luc Lemay
2%
65 Habitual Infamy Terrance Hobbs
2%
57 The Dream Slayer John Five
1%
54 Jerusalem Matt Pike
1%
62 Alaska Paul Waggoner
1%
49 Summoning Redemption Trey Azagthoth
1%
No matching quizzes found
Score Distribution
Percent of People with Each Score
Percentile by Number Answered
Your Score History
You have not taken this quiz